[Event "Linares NL"]
[Site "Linares"]
[Date "1992.??.??"]
[Round "?"]
[White "Sariego, Wilfredo"]
[Black "Arencibia, Walter"]
[Result "0-1"]
[WhiteElo "2435"]
[BlackElo "2535"]
[PlyCount "57"]
[EventDate "1992.09.??"]
[Source "ChessBase"]

1. e4 Nf6 2. e5 Nd5 3. d4 Nb6 4. a4 a5 5. Nf3 d5 6. Be2 Bf5 7. O-O e6 8. b3 Na6 9. Na3 Be7 10. Bd2 Nb4 11. Bb5+ c6 12. Be2 O-O 13. c3 Na6 14. Nc2 Nd7 15. Ne3 Bg6 16. c4 Nb4 17. Bxb4 Bxb4 18. Bd3 Be4 19. Bxe4 dxe4 20. Nd2 Bxd2 21. Qxd2 Nxe5 22. Rad1 Nd3 23. Nc2 Qb6 24. Qc3 c5 25. d5 f5 26. dxe6 Qxe6 27. Ne3 f4 28. Nd5 f3 29. Rxd3 0-1

[Event "Budapest HUN"]
[Site "?"]
[Date "2005.10.01"]
[Round "1"]
[White "Boros Denes"]
[Black "Kallio Heikki"]
[Result "1-0"]
[WhiteElo "2453"]
[BlackElo "2501"]
[PlyCount "87"]
[EventDate "2005.??.??"]
[Source "www.chesslib.no"]
[SourceDate "2004.05.04"]

1. e4 Nf6 2. e5 Nd5 3. c4 Nb6 4. d4 d6 5. exd6 exd6 6. Nc3 Be7 7. Bd3 c6 8. h3 Bf6 9. Nf3 Be6 10. Qe2 d5 11. c5 Nc4 12. Bf4 b6 13. b3 Na5 14. cxb6 axb6 15. Qc2 g6 16. Bh6 c5 17. O-O Nbc6 18. Bb5 Qd6 19. Na4 Ke7 20. dxc5 bxc5 21. Rac1 c4 22. bxc4 Nxc4 23. Rfd1 N6e5 24. Nxe5 Nxe5 25. Be3 d4 26. Bxd4 Nf3+ 27. gxf3 Bxd4 28. Qc7+ Qxc7 29. Rxc7+ Kd6 30. Rc2 Rhb8 31. Rxd4+ Ke5 32. Re4+ Kf6 33. Rc5 Bxh3 34. Nc3 Ra3 35. Re3 Kg7 36. Bc4 Rb2 37. Rc7 Rc2 38. Bb3 Rc1+ 39. Kh2 Ra5 40. Rxf7+ Kh6 41. Ne2 Rcc5 42. Kxh3 Rh5+ 43. Kg2 Rag5+ 44. Ng3 1-0

[Event "Budapest HUN"]
[Site "?"]
[Date "2001.08.19"]
[Round "3.2"]
[White "Bokros Albert"]
[Black "Varga Zoltan"]
[Result "0-1"]
[WhiteElo "2433"]
[BlackElo "2518"]
[PlyCount "91"]
[EventDate "2001.??.??"]
[Source "www.chesslib.no"]
[SourceDate "2004.05.04"]

1. e4 Nf6 2. e5 Nd5 3. d4 Nb6 4. c4 d5 5. exd6 exd6 6. Nc3 c6 7. Bd3 Na6 8. a3 Nc7 9. h3 Be6 10. Qe2 Be7 11. Nf3 O-O 12. O-O Re8 13. b3 d5 14. c5 Nd7 15. Qc2 Nf8 16. Bf4 f6 17. b4 Bf7 18. b5 Nce6 19. Bg3 Bh5 20. bxc6 bxc6 21. Qa4 Bxf3 22. gxf3 Qd7 23. f4 g6 24. f5 Ng7 25. fxg6 hxg6 26. Qc2 Qxh3 27. Bxg6 Nxg6 28. Qxg6 Qf5 29. Qh6 Kf7 30. Rfe1 Rg8 31. Rab1 Ne6 32. Rb7 Rg4 33. Qe3 Rh8 34. Rxa7 Kg6 35. Rd1 Bd8 36. Qd3 Nxd4 37. Qxf5+ Nxf5 38. Ne2 Re4 39. Rd2 Be7 40. Rc7 Nxg3 41. Nxg3 Re6 42. Ne2 Rh4 43. Nd4 Ree4 44. Nxc6 Bxc5 45. Rxd5 Bxa3 46. Ne5+ 0-1

[Event "URS-ch U26"]
[Site "Minsk"]
[Date "1990.??.??"]
[Round "?"]
[White "Minasian, Artashes"]
[Black "Shabalov, Alexander"]
[Result "1-0"]
[WhiteElo "2480"]
[BlackElo "2465"]
[PlyCount "75"]
[EventDate "1990.01.??"]
[Source "ChessBase"]

1. e4 Nf6 2. e5 Nd5 3. c4 Nb6 4. d4 d6 5. f4 dxe5 6. fxe5 c5 7. d5 e6 8. Nc3 exd5 9. cxd5 c4 10. Nf3 Bb4 11. Bxc4 Bxc3+ 12. bxc3 Nxc4 13. Qa4+ Nd7 14. Qxc4 Nb6 15. Qb5+ Qd7 16. Qxd7+ Bxd7 17. d6 Rc8 18. Be3 Rxc3 19. Bxb6 axb6 20. Kd2 Rc5 21. Rhb1 b5 22. a4 O-O 23. axb5 f6 24. Ra7 Bf5 25. Rb3 fxe5 26. Rxb7 Rc2+ 27. Ke3 Be6 28. Rd3 Bc4 29. Nxe5 Bxd3 30. Kxd3 Rxg2 31. d7 Rxh2 32. Rc7 Rh1 33. b6 h5 34. Rc8 Rd1+ 35. Kc2 Rxd7 36. Rxf8+ Kxf8 37. Nxd7+ Ke7 38. b7 1-0

[Event "Djakovo Open"]
[Site "Djakovo"]
[Date "1994.??.??"]
[Round "9"]
[White "Chernyshov, Konstantin"]
[Black "Zelcic, Robert"]
[Result "0-1"]
[WhiteElo "2480"]
[BlackElo "2460"]
[PlyCount "180"]
[EventDate "1994.11.??"]
[Source "www.chesslib.no"]
[SourceDate "2004.05.04"]

1. e4 Nf6 2. e5 Nd5 3. c4 Nb6 4. d4 d6 5. exd6 exd6 6. Nc3 Nc6 7. Be3 Be7 8. Qf3 O-O 9. O-O-O Be6 10. b3 a5 11. a4 d5 12. c5 Nc8 13. Nge2 Bg5 14. Kb2 Nb4 15. h4 Bxe3 16. fxe3 Qd7 17. h5 Bg4 18. Qf4 Ra6 19. Rh4 Bf5 20. Ng3 Rf6 21. Nxf5 Qxf5 22. Qxf5 Rxf5 23. e4 Rf2+ 24. Kb1 Ne7 25. Rh3 dxe4 26. Nxe4 Rf4 27. Nc3 c6 28. Bc4 Rd8 29. Rf3 Rxf3 30. gxf3 Nf5 31. Ne4 h6 32. Kb2 Kf8 33. Kc3 Rd7 34. Nf2 Ng3 35. Ne4 Nxh5 36. Nd6 Nf6 37. Re1 g6 38. Bf1 Nbd5+ 39. Kd2 b6 40. Bh3 Rd8 41. Rc1 Nf4 42. cxb6 Rxd6 43. b7 Rxd4+ 44. Ke3 Rb4 45. b8=Q+ Rxb8 46. Kxf4 Rxb3 47. Rxc6 Kg7 48. Ra6 g5+ 49. Kg3 Ne4+ 50. Kg2 Rb2+ 51. Kg1 Nd2 52. Bg4 Nc4 53. Bh5 Rb6 54. Ra7 Rf6 55. Kf2 Rf4 56. Rb7 Nd6 57. Rd7 Ne4+ 58. Kg2 Nc3 59. Ra7 Nxa4 60. Rxa5 Nb6 61. Kg3 Nc4 62. Ra7 Ne5 63. Ra1 Rh4 64. Ra5 Rxh5 65. Rxe5 Rh4 66. Ra5 Rb4 67. Ra6 h5 68. Ra3 Kg6 69. Ra5 f6 70. Ra2 Rb3 71. Kg2 h4 72. Rc2 Rb4 73. Ra2 Kf5 74. Rc2 Kf4 75. Ra2 f5 76. Rc2 Rd4 77. Ra2 g4 78. fxg4 fxg4 79. Re2 h3+ 80. Kh2 Kf3 81. Ra2 Re4 82. Ra3+ Re3 83. Ra1 Re2+ 84. Kg1 g3 85. Rb1 Rg2+ 86. Kh1 Rf2 87. Kg1 Kg4 88. Kh1 Rf1+ 89. Rxf1 g2+ 90. Kg1 Kg3 0-1

[Event "Budapest FS03 GM"]
[Site "Budapest"]
[Date "2002.03.03"]
[Round "2"]
[White "Antal, Gergely"]
[Black "Varga, Zoltan"]
[Result "1/2-1/2"]
[WhiteElo "2426"]
[BlackElo "2510"]
[PlyCount "26"]
[EventDate "2002.03.02"]
[Source "ChessBase"]
[SourceDate "2002.05.03"]

1. e4 Nf6 2. e5 Nd5 3. d4 c6 4. Nc3 d6 5. Nxd5 cxd5 6. f4 Nc6 7. c3 a6 8. Bd3 g6 9. h4 h5 10. Qc2 Bg4 11. Nh3 e6 12. Ng5 Be7 13. Be3 Qd7 1/2-1/2

[Event "Poyntner mem GM"]
[Site "St Poelten"]
[Date "2002.09.07"]
[Round "3"]
[White "Sommerbauer, Norbert"]
[Black "Varga, Zoltan"]
[Result "1/2-1/2"]
[WhiteElo "2407"]
[BlackElo "2528"]
[PlyCount "75"]
[EventDate "2002.09.05"]
[Source "ChessBase"]
[SourceDate "2002.11.06"]

1. e4 Nf6 2. e5 Nd5 3. d4 c6 4. c4 Nc7 5. Nc3 d6 6. exd6 exd6 7. Be3 d5 8. Nf3 Be7 9. Qb3 O-O 10. cxd5 Nxd5 11. Nxd5 Qxd5 12. Qxd5 cxd5 13. Bd3 Nc6 14. O-O Bf6 15. Bb5 Nb4 16. Bf4 Nc2 17. Rac1 Nxd4 18. Nxd4 Bxd4 19. Bd6 Rd8 20. Be7 Bd7 21. Bxd8 Bxb5 22. Rfd1 Bxb2 23. Rb1 Rxd8 24. Rxb2 a6 25. Rd4 Re8 26. f3 Re1+ 27. Kf2 Rf1+ 28. Ke3 Bc6 29. Rdd2 f6 30. Kd4 Kf7 31. Re2 h5 32. Kc5 h4 33. h3 g5 34. Kd6 Rc1 35. Rbc2 Rb1 36. Rb2 Rc1 37. Rbc2 Rb1 38. Rb2 1/2-1/2

[Event "Europa ch 2008"]
[Site "Plovdiv BUL"]
[Date "2008.04.22"]
[Round "2.111"]
[White "Novikov, Stanislav"]
[Black "Pesotsky, Vitaly"]
[Result "1-0"]
[WhiteElo "2564"]
[BlackElo "2370"]
[PlyCount "67"]
[EventDate "2008.04.21"]
[Source "www.chesslib.no"]
[SourceDate "2004.05.04"]

1. e4 Nf6 2. e5 Nd5 3. d4 Nb6 4. f4 d5 5. Nf3 Bg4 6. h3 Bxf3 7. Qxf3 e6 8. Be3 g6 9. Nd2 Nc6 10. c3 h5 11. g3 a6 12. a4 Qd7 13. a5 Nc8 14. Bd3 N8e7 15. g4 O-O-O 16. Nb3 Kb8 17. Nc5 Qe8 18. b4 Na7 19. Kd2 c6 20. Kc2 Nb5 21. Kb3 Nc7 22. Raf1 Bh6 23. gxh5 gxh5 24. Rhg1 Nf5 25. Bf2 Qe7 26. Bxf5 exf5 27. Qxh5 Bxf4 28. Qxf5 Bd2 29. Rg7 Rhf8 30. Qg4 Ne6 31. Bh4 Nxc5+ 32. dxc5 Qe8 33. Bxd8 Qxe5 34. Bf6 1-0

[Event "Biel"]
[Site "Biel"]
[Date "1981.??.??"]
[Round "?"]
[White "Hort, Vlastimil"]
[Black "Hammer, Peter"]
[Result "1-0"]
[WhiteElo "2595"]
[BlackElo "2330"]
[PlyCount "53"]
[EventDate "1981.07.??"]
[Source "ChessBase"]

1. e4 Nf6 2. e5 Nd5 3. d4 Nb6 4. Nf3 d5 5. Nbd2 Bg4 6. h3 Bxf3 7. Nxf3 e6 8. Bd3 c5 9. dxc5 Bxc5 10. O-O Nc6 11. c3 Nd7 12. Qe2 Be7 13. Bf4 O-O 14. Rad1 Qc7 15. Rfe1 Rfd8 16. h4 Nf8 17. h5 Rd7 18. Bg3 Rad8 19. a3 a6 20. Nh2 b5 21. Ng4 Qb6 22. Qf3 Rb7 23. Bf4 a5 24. Qg3 Kh8 25. Re3 Ra8 26. Bh6 g6 27. Rf3 1-0

[Event "Budapest FS08 GM"]
[Site "Budapest"]
[Date "2001.08.08"]
[Round "5"]
[White "Bhat, Vinay S"]
[Black "Varga, Zoltan"]
[Result "0-1"]
[WhiteElo "2404"]
[BlackElo "2518"]
[PlyCount "64"]
[EventDate "2001.08.04"]
[Source "ChessBase"]
[SourceDate "2001.09.11"]

1. e4 Nf6 2. e5 Nd5 3. c4 Nb6 4. d4 d6 5. exd6 exd6 6. Nc3 Bf5 7. Qf3 Qc8 8. h3 Nc6 9. Be3 Bg6 10. g4 h5 11. O-O-O hxg4 12. hxg4 Rxh1 13. Qxh1 Qxg4 14. c5 Nd7 15. Nh3 Qf5 16. Rd2 dxc5 17. Nf4 cxd4 18. Bh3 dxc3 19. Bxf5 cxd2+ 20. Bxd2 Bxf5 21. Qh5 g6 22. Qe2+ Nde5 23. Nxg6 fxg6 24. f4 O-O-O 25. fxe5 Bg7 26. Bg5 Re8 27. Bf6 Bxf6 28. exf6 Rxe2 29. f7 Rc2+ 30. Kd1 Bg4+ 31. Ke1 Re2+ 32. Kf1 Bh3+ 0-1

[Event "VISA GP"]
[Site "Reykjavik"]
[Date "1998.03.12"]
[Round "3"]
[White "Djurhuus, Rune"]
[Black "Westerinen, Heikki MJ"]
[Result "1/2-1/2"]
[WhiteElo "2510"]
[BlackElo "2410"]
[PlyCount "129"]
[EventDate "1998.03.10"]
[Source "ChessBase"]
[SourceDate "1998.06.15"]

1. e4 Nf6 2. e5 Nd5 3. d4 Nb6 4. c4 d6 5. exd6 exd6 6. Nc3 g6 7. Bd3 Bg7 8. Nge2 O-O 9. Be3 Nc6 10. b3 Ne7 11. h4 Nf5 12. Bxf5 Bxf5 13. h5 Qe7 14. Qd2 c6 15. O-O-O d5 16. c5 Nd7 17. Ng3 Be6 18. Bg5 Bf6 19. Bf4 Nxc5 20. dxc5 Qxc5 21. Kb2 Qb4 22. Bg5 Bh8 23. Rh4 Qa5 24. b4 Qb6 25. Be3 d4 26. Bxd4 Qxb4+ 27. Kc2 Rfd8 28. hxg6 fxg6 29. Qh6 Qe7 30. Bxh8 Rxd1 31. Bf6 Qxf6 32. Qxh7+ Kf8 33. Qh8+ Qxh8 34. Rxh8+ Bg8 35. Kxd1 b5 36. a3 a5 37. Rh4 Rb8 38. Kc2 b4 39. axb4 axb4 40. Na4 Kg7 41. Rd4 Bd5 42. Ne4 g5 43. f3 Kg6 44. Nec5 Kf5 45. Rg4 Rh8 46. Ne4 Bxe4+ 47. Rxe4 Rh2 48. Rg4 Rh4 49. Rxh4 gxh4 50. Nc5 Kf4 51. Nd3+ Ke3 52. Nxb4 Kf2 53. f4 Kxg2 54. f5 h3 55. f6 h2 56. f7 h1=Q 57. f8=Q Qf1 58. Qg7+ Kh1 59. Qh6+ Kg1 60. Nd3 Qe2+ 61. Kc3 Qf3 62. Qg5+ Kf1 63. Kd4 Qd5+ 64. Qxd5 cxd5 65. Kxd5 1/2-1/2

[Event "Eupen op"]
[Site "Eupen"]
[Date "1993.??.??"]
[Round "5"]
[White "Baumhus, Reinhard"]
[Black "Kengis, Edvins"]
[Result "1/2-1/2"]
[WhiteElo "2360"]
[BlackElo "2555"]
[PlyCount "59"]
[EventDate "1993.??.??"]
[Source "ChessBase"]

1. e4 Nf6 2. e5 Nd5 3. c4 Nb6 4. d4 d6 5. exd6 exd6 6. h3 Bf5 7. Nf3 Be7 8. Be2 O-O 9. O-O a5 10. Nc3 Bf6 11. Bf4 Nc6 12. Rc1 Re8 13. Qd2 h6 14. Rfd1 Nc8 15. Bf1 N8e7 16. c5 Ng6 17. cxd6 cxd6 18. Bg3 d5 19. Nb5 Re7 20. Qc3 Be4 21. Nd2 Bg5 22. Nxe4 dxe4 23. Rb1 Nb4 24. d5 Rc8 25. d6 Rxc3 26. dxe7 Qxe7 27. bxc3 Na6 28. Nd4 Nc5 29. Bc4 Kh7 30. Rb5 1/2-1/2

[Event "Voronezh op 3rd"]
[Site "Voronezh"]
[Date "1999.??.??"]
[Round "8"]
[White "Chernyshov, Konstantin"]
[Black "Panchenko, Alexandar G"]
[Result "1/2-1/2"]
[WhiteElo "2488"]
[BlackElo "2427"]
[PlyCount "92"]
[EventDate "1999.06.??"]
[Source "www.chesslib.no"]
[SourceDate "2004.05.04"]

1. e4 Nf6 2. e5 Nd5 3. c4 Nb6 4. d4 d6 5. exd6 exd6 6. Nc3 Be7 7. Be3 O-O 8. b3 Bg5 9. Qd2 Re8 10. O-O-O Bxe3 11. fxe3 Qe7 12. Bd3 c5 13. Nf3 Nc6 14. Be4 Bd7 15. Rhe1 Rad8 16. Bxc6 Bxc6 17. e4 Qf6 18. d5 Bd7 19. h3 Bxh3 20. e5 dxe5 21. Ne4 Qf5 22. Nxc5 Bg4 23. Nxb7 Nxc4 24. bxc4 Rb8 25. Nd4 Qg6 26. Nb3 Bxd1 27. Kxd1 Rxb7 28. c5 Qg4+ 29. Re2 Qc4 30. d6 Rxb3 31. axb3 Qxc5 32. d7 Rd8 33. Qd3 g6 34. Rd2 Kg7 35. Ke2 Qc6 36. Kd1 Qe6 37. Qb5 e4 38. Qa4 h5 39. Ke1 Kh7 40. Qc4 Qe7 41. Qd4 a6 42. Ke2 Kg8 43. Qc4 Kh7 44. Qc7 Qg5 45. g3 Qf6 46. Ke3 Qe7 1/2-1/2

[Event "otb"]
[Site "otb"]
[Date "2006.11.18"]
[Round "4"]
[White "Novik Maxim"]
[Black "Karttunen Mika"]
[Result "0-1"]
[WhiteElo "2490"]
[BlackElo "2422"]
[PlyCount "76"]
[Source "www.chesslib.no"]
[SourceDate "2004.05.04"]

1. e4 Nf6 2. e5 Nd5 3. d4 Nb6 4. Nf3 d5 5. h3 Bf5 6. Nh4 Bd7 7. Be2 e6 8. Nf3 c5 9. c3 a6 10. O-O Ba4 11. b3 Bb5 12. Ba3 Bxe2 13. Qxe2 N8d7 14. Nbd2 Be7 15. dxc5 Nxc5 16. c4 dxc4 17. Nxc4 Nxc4 18. Qxc4 b5 19. Qc2 Qb6 20. Rac1 b4 21. Bb2 O-O 22. Bd4 Rac8 23. Qe2 Qb7 24. Rc4 Nd7 25. Rfc1 Rfd8 26. Kf1 h6 27. Qc2 Rxc4 28. Qxc4 a5 29. Qc6 Rb8 30. Qxb7 Rxb7 31. Rc6 Rb5 32. Ke2 Rd5 33. Ke3 g5 34. Rc7 Bf8 35. Rc2 Kh7 36. Rd2 Kg6 37. Ke4 a4 38. Be3 f5+ 0-1

[Event "URS-chT"]
[Site "Moscow"]
[Date "1972.??.??"]
[Round "?"]
[White "Zhidkov, Valery S"]
[Black "Mikadze, Zurab"]
[Result "1-0"]
[WhiteElo "2490"]
[BlackElo "2420"]
[PlyCount "69"]
[EventDate "1972.??.??"]
[Source "ChessBase"]

1. e4 Nf6 2. e5 Nd5 3. d4 Nb6 4. a4 a5 5. Nf3 d5 6. exd6 cxd6 7. d5 e5 8. dxe6 Bxe6 9. Bb5+ Nc6 10. Ng5 Qf6 11. O-O d5 12. Be3 Nd7 13. Nc3 h6 14. Nxd5 Bxd5 15. Qxd5 hxg5 16. Bxg5 Rh5 17. Rfe1+ Be7 18. Bxf6 Rxd5 19. Bxc6 bxc6 20. Bxe7 Ne5 21. Bh4 Kd7 22. Rad1 f6 23. Bg3 Ke6 24. Rxd5 Kxd5 25. f3 c5 26. Rd1+ Ke6 27. Kf1 Nc4 28. Re1+ Kd5 29. b3 Ne5 30. Bxe5 fxe5 31. Re4 Rc8 32. h4 Ke6 33. Ke2 Kf6 34. Rg4 Rd8 35. h5 1-0

[Event "ch-BLR"]
[Site "?"]
[Date "2005.03.04"]
[Round "1"]
[White "Azarov Sergei"]
[Black "Gorovets Andrey"]
[Result "1/2-1/2"]
[WhiteElo "2565"]
[BlackElo "2345"]
[PlyCount "45"]
[EventDate "2005.??.??"]
[Source "www.chesslib.no"]
[SourceDate "2004.05.04"]

1. e4 Nf6 2. e5 Nd5 3. d4 Nb6 4. Nf3 d5 5. Bd3 Bg4 6. h3 Bxf3 7. Qxf3 e6 8. O-O c5 9. c3 Nc6 10. Be3 Qd7 11. Qe2 cxd4 12. cxd4 a6 13. a3 Be7 14. Nd2 O-O 15. b4 Rac8 16. Rfc1 a5 17. b5 Na7 18. Nb3 Nc4 19. Bxc4 dxc4 20. Nc5 Bxc5 21. dxc5 Nxb5 22. Rxc4 Qd5 23. Rac1 1/2-1/2

[Event "Leeuwarden Open"]
[Site "Leeuwarden NED"]
[Date "1992.??.??"]
[Round "4"]
[White "Luther, Thomas"]
[Black "Hoeksema, Hendrik Pieter"]
[Result "1-0"]
[WhiteElo "2475"]
[BlackElo "2430"]
[PlyCount "109"]
[EventDate "1992.08.??"]
[Source "www.chesslib.no"]
[SourceDate "2004.05.04"]

1. e4 Nf6 2. e5 Nd5 3. d4 Nb6 4. Nf3 d5 5. Bd3 Bg4 6. h3 Bxf3 7. Qxf3 e6 8. O-O c5 9. dxc5 N6d7 10. Qg3 Nc6 11. c4 Ndxe5 12. cxd5 Qxd5 13. Bb5 Qxc5 14. Nc3 Ng6 15. Qc7 Qb6 16. Qxb6 axb6 17. Rd1 Bc5 18. Ne4 Nge7 19. Nxc5 bxc5 20. Be3 O-O 21. Bxc5 Rfd8 22. Rxd8+ Rxd8 23. a4 f6 24. b4 Kf7 25. a5 Nd4 26. Bc4 Nec6 27. f4 Nc2 28. Rc1 N2xb4 29. Bxb4 Nxb4 30. Rb1 Nd5 31. Rxb7+ Kg6 32. g3 Rc8 33. Bd3+ f5 34. a6 Rc1+ 35. Kf2 Ra1 36. a7 Ra2+ 37. Ke1 Kf6 38. Kd1 h6 39. h4 g6 40. Kc1 Ra5 41. Bb5 Ne7 42. Be8 Ra6 43. h5 gxh5 44. Bxh5 Ra5 45. Rc7 Ra6 46. Kb2 Ra5 47. Kb3 Ra1 48. Kb2 Ra5 49. Kb3 Ra1 50. Kc4 Ra5 51. Bf3 Nd5 52. Bxd5 exd5+ 53. Kb4 Ra1 54. Kb5 d4 55. Rc6+ 1-0

[Event "It (Open) Andorra La Vella AND"]
[Site "?"]
[Date "2005.07.10"]
[Round "2"]
[White "Asis Gargatagli Hipolito"]
[Black "Kallio Heikki"]
[Result "1/2-1/2"]
[WhiteElo "2395"]
[BlackElo "2507"]
[PlyCount "235"]
[EventDate "2005.??.??"]
[Source "www.chesslib.no"]
[SourceDate "2004.05.04"]

1. e4 Nf6 2. e5 Nd5 3. c4 Nb6 4. d4 d6 5. exd6 exd6 6. Nc3 Bf5 7. Qf3 Qc8 8. Be3 c5 9. dxc5 dxc5 10. Qg3 f6 11. O-O-O Kf7 12. Nf3 Nc6 13. Be2 Be7 14. Nh4 g5 15. Nxf5 Qxf5 16. Bg4 Qg6 17. Qh3 Kf8 18. Bf5 Qf7 19. f4 gxf4 20. Bxf4 Nd4 21. Bh6+ Ke8 22. Rhe1 Rd8 23. Bg4 Rg8 24. Bh5 Rg6 25. b3 Rd7 26. Be3 Kd8 27. Bxg6 Qxg6 28. Bxd4 cxd4 29. Ne4 f5 30. Nf2 Bg5+ 31. Kb1 Be3 32. Nd3 f4 33. Ka1 Qg5 34. Qf3 Qa5 35. Qe2 Nc8 36. g3 fxg3 37. hxg3 Nd6 38. Qc2 Ne4 39. b4 Qg5 40. Nf4 Qe5 41. Nd3 Qxg3 42. Rf1 Qg7 43. Rf5 Qg4 44. Rf8+ Kc7 45. Ne5 d3 46. Rxd3 Bd4+ 47. Rxd4 Qg1+ 48. Qd1 Qxd1+ 49. Rxd1 Rxd1+ 50. Kb2 Rd2+ 51. Kb3 Kd6 52. Ng4 Rg2 53. Nf6 Nd2+ 54. Kc3 Nb1+ 55. Kd4 Rd2+ 56. Ke3 Rxa2 57. Ne4+ Ke6 58. Re8+ Kf7 59. Nd6+ Kf6 60. Nxb7 Ra4 61. Nd6 Rxb4 62. Rh8 Ke5 63. c5 Rb3+ 64. Ke2 Nc3+ 65. Kd2 Na4 66. Rxh7 Nxc5 67. Rxa7 Kxd6 68. Kc2 Kd5 69. Rh7 Re3 70. Rh4 Ne4 71. Rh8 Kd4 72. Rd8+ Kc4 73. Re8 Re2+ 74. Kc1 Kd3 75. Rd8+ Ke3 76. Re8 Rh2 77. Rd8 Nc5 78. Rg8 Nd3+ 79. Kb1 Rb2+ 80. Ka1 Rb5 81. Ka2 Kd4 82. Rd8+ Kc3 83. Rc8+ Nc5 84. Rh8 Rb2+ 85. Ka3 Re2 86. Rh3+ Nd3 87. Rh8 Re5 88. Rc8+ Nc5 89. Rh8 Re4 90. Rh3+ Kc4 91. Rh8 Re3+ 92. Ka2 Re7 93. Rh4+ Kc3 94. Rh3+ Nd3 95. Kb1 Rg7 96. Ka2 Rd7 97. Kb1 Rf7 98. Ka2 Rf6 99. Kb1 Rf5 100. Ka2 Kc2 101. Rh2+ Nf2 102. Ka3 Kc3 103. Ka4 Nd3 104. Rh3 Rg5 105. Rf3 Kc4 106. Rf8 Rg3 107. Ka5 Ne5 108. Rc8+ Kd5 109. Ka4 Nd7 110. Rd8 Rg4+ 111. Kb3 Rg7 112. Kc3 Rh7 113. Kb3 Kc5 114. Rg8 Rh3+ 115. Kc2 Nf6 116. Rc8+ Kd4 117. Rd8+ Nd5 118. Rg8 1/2-1/2

[Event "Keres mem op"]
[Site "Tallinn"]
[Date "2001.07.28"]
[Round "6"]
[White "Rytshagov, Mikhail"]
[Black "Yewdokimov, Oleg"]
[Result "1-0"]
[WhiteElo "2501"]
[BlackElo "2390"]
[PlyCount "57"]
[EventDate "2001.07.25"]
[Source "ChessBase"]
[SourceDate "2001.09.11"]

1. e4 Nf6 2. e5 Nd5 3. d4 c6 4. c4 Nc7 5. Nc3 d6 6. f4 dxe5 7. fxe5 Bf5 8. Nf3 e6 9. Bd3 Bb4 10. Bxf5 exf5 11. O-O O-O 12. Qd3 g6 13. Bh6 Re8 14. Rad1 Nd7 15. g3 Bxc3 16. Qxc3 Qe7 17. b4 Rac8 18. a4 b6 19. Rfe1 Nf8 20. Bg5 Qe6 21. Bf6 f4 22. Ng5 Qg4 23. h3 Qd7 24. Ne4 Nd5 25. Qb3 Ne3 26. Rxe3 fxe3 27. Qxe3 Qf5 28. Qh6 Ne6 29. Ng5 1-0

[Event "Dubna"]
[Site "Dubna"]
[Date "1973.??.??"]
[Round "?"]
[White "Ujtumen, Tudev"]
[Black "Vaganian, Rafael A"]
[Result "1-0"]
[WhiteElo "2390"]
[BlackElo "2500"]
[PlyCount "69"]
[EventDate "1973.12.??"]
[Source "www.chesslib.no"]
[SourceDate "2004.05.04"]

1. e4 Nf6 2. e5 Nd5 3. c4 Nb6 4. d4 d6 5. f4 dxe5 6. fxe5 Nc6 7. Be3 Bf5 8. Nc3 e6 9. Nf3 Be7 10. d5 Nb4 11. Rc1 exd5 12. a3 c5 13. axb4 d4 14. Bxd4 cxd4 15. Nxd4 Bg6 16. c5 O-O 17. Nf3 Nd7 18. Bb5 Bg5 19. Ra1 Nxe5 20. Nxe5 Qf6 21. Nf3 Rad8 22. Qb3 Bh4+ 23. Nxh4 Qxh4+ 24. g3 Qh3 25. Ne2 Qg2 26. Rg1 Qe4 27. Kf2 a6 28. Bc4 Rd2 29. Rgd1 Qd4+ 30. Qe3 Qf6+ 31. Qf4 Qxf4+ 32. gxf4 Rxb2 33. Rd4 Re8 34. Ra2 Rxb4 35. f5 1-0

[Event "Plovdiv"]
[Site "Plovdiv"]
[Date "1982.??.??"]
[Round "13"]
[White "Georgiev, Krum"]
[Black "Popov, Luben"]
[Result "1/2-1/2"]
[WhiteElo "2450"]
[BlackElo "2435"]
[PlyCount "27"]
[EventDate "1982.08.??"]
[Source "ChessBase"]

1. e4 Nf6 2. e5 Nd5 3. c4 Nb6 4. d4 d6 5. exd6 exd6 6. Nc3 Be7 7. Bd3 O-O 8. Nge2 Nc6 9. b3 Bg4 10. Be3 Qd7 11. O-O Rae8 12. a3 Bf5 13. Qc2 Bxd3 14. Qxd3 1/2-1/2

[Event "HUN-chT 0203"]
[Site "?"]
[Date "2003.02.01"]
[Round "5"]
[White "Lengyel Bela"]
[Black "Varga Zoltan"]
[Result "1/2-1/2"]
[WhiteElo "2352"]
[BlackElo "2528"]
[PlyCount "66"]
[EventDate "2003.??.??"]
[Source "www.chesslib.no"]
[SourceDate "2004.05.04"]

1. e4 Nf6 2. e5 Nd5 3. d4 c6 4. c4 Nc7 5. Nc3 d6 6. f4 d5 7. Be3 dxc4 8. Bxc4 b5 9. Bb3 b4 10. Ne4 Nd5 11. Bd2 Qb6 12. Nf3 Bg4 13. Nc5 e6 14. Rc1 Bxc5 15. dxc5 Qb5 16. h3 Bxf3 17. Qxf3 Nd7 18. Qe2 Qxe2+ 19. Kxe2 a5 20. Ba4 Rc8 21. Rc4 Nf8 22. a3 Ng6 23. axb4 axb4 24. g3 h5 25. Bc2 Nge7 26. Bxb4 h4 27. g4 Nxb4 28. Rxb4 Nd5 29. Rc4 Rb8 30. Rb1 Kd7 31. Ba4 g5 32. fxg5 Rhg8 33. Kf3 Rxg5 1/2-1/2

[Event "La Pobla de Lillet op"]
[Site "La Pobla de Lillet"]
[Date "1997.??.??"]
[Round "4"]
[White "Narciso Dublan, Marc"]
[Black "Panchenko, Alexandar G"]
[Result "1-0"]
[WhiteElo "2455"]
[BlackElo "2425"]
[PlyCount "79"]
[EventDate "1997.??.??"]
[Source "www.chesslib.no"]
[SourceDate "2004.05.04"]

1. e4 Nf6 2. e5 Nd5 3. c4 Nb6 4. d4 d6 5. f4 dxe5 6. fxe5 Nc6 7. Be3 Bf5 8. Nc3 e6 9. Be2 Be7 10. Nf3 O-O 11. O-O f6 12. exf6 Bxf6 13. Qd2 Qe7 14. Rad1 Rad8 15. Qc1 Rfe8 16. Kh1 h6 17. Bg1 Kh8 18. h3 Bg6 19. Rfe1 Qb4 20. Nb5 Qe7 21. Bh2 Rd7 22. d5 exd5 23. Bd3 Qf7 24. Rxe8+ Qxe8 25. Nxc7 Qf7 26. Bxg6 Qxg6 27. cxd5 Nb4 28. d6 Nxa2 29. Qc5 Bxb2 30. Be5 Bc1 31. Na8 Qe6 32. Nxb6 axb6 33. Qxb6 Bg5 34. Qb2 Qc4 35. Bxg7+ Rxg7 36. Nxg5 Nc3 37. d7 Rxd7 38. Rxd7 hxg5 39. Qc2 Qf1+ 40. Kh2 1-0

[Event "Christmas Open, Zurich SUI"]
[Site "?"]
[Date "2000.??.??"]
[Round "3"]
[White "Varga, Zo"]
[Black "Safranska, A."]
[Result "1-0"]
[WhiteElo "2540"]
[BlackElo "2335"]
[PlyCount "41"]
[EventDate "2000.??.??"]
[Source "www.chesslib.no"]
[SourceDate "2004.05.04"]

1. e4 Nf6 2. e5 Nd5 3. d4 c6 4. c4 Nc7 5. Nc3 g6 6. h4 d6 7. exd6 Qxd6 8. h5 Bg7 9. Be3 Nd7 10. h6 Bf8 11. Qd2 Nf6 12. Bf4 Qd8 13. O-O-O Bf5 14. f3 a6 15. g4 Be6 16. Be5 Rg8 17. Bxf6 exf6 18. d5 cxd5 19. cxd5 Bc8 20. Qe3+ Kd7 21. Na4 1-0

[Event "Hafnarfjordur"]
[Site "Hafnarfjordur"]
[Date "1997.??.??"]
[Round "3"]
[White "Brynell, Stellan"]
[Black "Westerinen, Heikki MJ"]
[Result "1-0"]
[WhiteElo "2465"]
[BlackElo "2410"]
[PlyCount "49"]
[EventDate "1997.12.13"]
[Source "ChessBase"]
[SourceDate "1998.03.09"]

1. e4 Nf6 2. e5 Nd5 3. d4 Nb6 4. c4 d6 5. exd6 cxd6 6. Nc3 g6 7. h3 Bg7 8. Nf3 O-O 9. Be2 Nc6 10. O-O e5 11. Bg5 f6 12. Be3 Re8 13. dxe5 Nxe5 14. Nxe5 dxe5 15. c5 Nd7 16. Bc4+ Kh8 17. Nb5 Bf8 18. Qd5 Be7 19. Rfd1 a6 20. Nc3 f5 21. c6 bxc6 22. Qxc6 Rb8 23. Be6 Rb7 24. Bxd7 Rxd7 25. Bb6 1-0